00586nam a2200193Ia 450000500170000000800410001702000140005804000190007204100120009108200170010324501000012026000420022030000260026250400260028865000200031465100250033470000230035985000100038220230803092053.0131103s9999 xx 000 0 und d a195650298 aLoreto College aEnglish a338.954bPAR aIndia disasters reportb Towards a policy int. cedited by Parasuraman S. and Unnikrishnan P.U. aOxfordbOxford University Pressc2000 a384p.b illus.,tables aIncludes bibliography aIndia-Economic  aDevelopment & Growth aS, Parasuraman;ed. aLCLIB